Приговорен к победе

গ্রন্থ-পঞ্জীর বিবরন
প্রধান লেখক: Газзаев В. Г. Валерий Георгиевич
অন্যান্য লেখক: Зинин А. Алексей
সংক্ষিপ্ত:Самый именитый тренер в истории российского футбола предельно откровенно рассказывает о невидимых постороннему глазу особенностях своей работы, параллельно затрагивая темы, о которых действующие наставники предпочитают не говорить. Валерий Газзаев, раскрывая причины своих громких побед и болезненных поражений, надеется, что его опыт поможет людям достигнуть поставленных целей. Книга богата иллюстрационным рядом и насыщена любопытными фактами.
ভাষা:রুশ
প্রকাশিত: Москва, Новости, 2006
বিষয়গুলি:
বিন্যাস: MixedMaterials গ্রন্থ
KOHA link:https://koha.lib.tpu.ru/cgi-bin/koha/opac-detail.pl?biblionumber=103837

MARC

LEADER 00000n m0a2200000 4500
001 103837
005 20231031113759.0
010 |a 5881492242 
035 |a (RuTPU)RU\TPU\book\111941 
090 |a 103837 
100 |a 20061023d2006 m y0rusy50 ca 
101 0 |a rus 
102 |a RU 
105 |a a z 000zy 
200 1 |a Приговорен к победе  |f В. Г. Газзаев, А. Зинин 
210 |a Москва  |c Новости  |d 2006 
215 |a 200 с.  |c ил. 
330 |a Самый именитый тренер в истории российского футбола предельно откровенно рассказывает о невидимых постороннему глазу особенностях своей работы, параллельно затрагивая темы, о которых действующие наставники предпочитают не говорить. Валерий Газзаев, раскрывая причины своих громких побед и болезненных поражений, надеется, что его опыт поможет людям достигнуть поставленных целей. Книга богата иллюстрационным рядом и насыщена любопытными фактами. 
610 1 |a спорт 
610 1 |a спортивные игры 
610 1 |a футбол 
610 1 |a футболисты 
610 1 |a Россия 
610 1 |a история 
675 |a 796.322  |v 3 
700 1 |a Газзаев  |b В. Г.  |g Валерий Георгиевич 
701 1 |a Зинин  |b А.  |g Алексей 
801 1 |a RU  |b 63413507  |c 20061023  |g PSBO 
801 2 |a RU  |b 63413507  |c 20070522  |g PSBO 
942 |c BK 
959 |a 89/20061012  |d 1  |e 297,44  |f ХФ:1